• 首页
  • 本馆介绍
  • 公告通知
  • 最新文献
  • 馆藏检索
  • 电子资源
  • 读者导购
  • 参考咨询
  • 我的图书馆
  • 登录
  • 详细信息显示
  • 放入我的书架
  • 预约/预借图书
  • 作者相关作品
  • 分类相关作品
  • 丛书相关作品
  • 出版社相关作品

书目信息

  • 表格格式
  • 工作单格式
  • 卡片格式
题名:
我军现行军衔
    
 
作者: 李庆山 主编
分册:  
出版信息: 北京   中共党史出版社  2005.01
页数: 169页
开本: 20cm
丛书名: 青少年军事博览
单 册:
中图分类: E26
科图分类:
主题词: 军衔--中国--现代--青少年读物
电子资源:
ISBN: 7-80199-158-3
000 00823nam2 2200265 450
001 400102
005 20070523102301.46
010    @a7-80199-158-3@dCNY12.00
100    @a20050329d2005 em y0chiy0110 ea
101 0  @achi
102    @aCN@b110000
105    @aa z 000yy
200 1  @a我军现行军衔@Awo jun xian xing jun xian@f李庆山主编@FLi Qing Shan Zhu Bian
210    @a北京@c中共党史出版社@d2005.01
215    @a169页@c照片@d20cm
225 2  @a青少年军事博览@i军衔军服卷@v7
300    @a青少年课外必读。
330    @a本书介绍了我军现行军衔的种类、标志以及不同于国外军衔的一些特点。
462  0 @12001 @a军衔军服卷
606 0  @a军衔@y中国@z现代@j青少年读物
690    @aE26@v4
701  0 @a李庆山@Ali qing shan@9li qing shan@4主编
801  0 @aCN@c20070523
905    @aBZT@dE26@e3
906    @dCNY12.00@n0@r1
    
    我军现行军衔/李庆山主编.-北京:中共党史出版社,2005.01
    169页:照片;20cm.-(青少年军事博览.军衔军服卷;7)
    青少年课外必读。
    
    ISBN 7-80199-158-3:CNY12.00
    本书介绍了我军现行军衔的种类、标志以及不同于国外军衔的一些特点。
●
相关链接 在五车中查询图书 在当当中查询图书 在豆瓣中查询图书


正题名:我军现行军衔     索取号:E26/3         预约/预借

序号 登录号 条形码 馆藏地/架位号 状态 备注
1 523139   230103653   中心书库北库/ 北库004架A面1列6层57/ [索取号:E26/3] 在馆    
2 523140   230103652   中心书库北库/ 北库004架A面1列6层41/ [索取号:E26/3] 在馆    
3 523141   230103651   中心书库北库/ 北库004架A面1列6层43/ [索取号:E26/3] 在馆    
4 523142   230103650   中心书库北库/ 北库004架A面1列6层58/ [索取号:E26/3] 在馆    
5 523143   230103649   中心书库北库/ 北库004架A面1列6层45/ [索取号:E26/3] 在馆    
6 523144   230103648   中心书库北库/ 北库004架A面1列6层74/ [索取号:E26/3] 在馆    
7 523145   230103655   中心书库北库/ 北库004架A面1列6层44/ [索取号:E26/3] 在馆    
8 523146   230103654   中心书库北库/ 北库004架A面1列6层56/ [索取号:E26/3] 在馆    
9 523147   230103657   中心书库北库/ 北库004架A面1列6层46/ [索取号:E26/3] 在馆    
10 523148   230103656   中心书库北库/ 北库004架A面1列6层67/ [索取号:E26/3] 在馆    
山东省滨州职业学院图书馆 欢迎您!
大连网信软件有限公司© 版权所有